EXPERIMENTS IN MICROBIOLOGY PLANT PATHOLOGY TISSUE CULTURE AND MICROBIAL BIOTECHNOLOGY [6TH ED.] (Record no. 8800)

MARC details
000 -LEADER
fixed length control field 00542nam a22001817a 4500
005 - DATE AND TIME OF LATEST TRANSACTION
control field 20251204165834.0
008 - FIXED-LENGTH DATA ELEMENTS--GENERAL INFORMATION
fixed length control field 250909b |||||||| |||| 00| 0 eng d
020 ## - INTERNATIONAL STANDARD BOOK NUMBER
ISBN 978-93-95161-21-3
041 ## - LANGUAGE CODE
Language code of text/sound track or separate title eng
082 ## - DEWEY DECIMAL CLASSIFICATION NUMBER
Classification number 570.72 ANE-E
100 ## - MAIN ENTRY--AUTHOR NAME
Personal name ANEJA, K.R.
245 ## - TITLE STATEMENT
Title EXPERIMENTS IN MICROBIOLOGY PLANT PATHOLOGY TISSUE CULTURE AND MICROBIAL BIOTECHNOLOGY [6TH ED.]
250 ## - EDITION STATEMENT
Edition statement 6TH ED. 2023.
260 ## - PUBLICATION, DISTRIBUTION, ETC. (IMPRINT)
Place of publication NEW DELHI
Name of publisher NEW AGE INTERNATION PUBLISHERS
Year of publication 2023
300 ## - PHYSICAL DESCRIPTION
Number of Pages 586;P
650 ## - SUBJECT ADDED ENTRY--TOPICAL TERM
Topical Term PARAMEDICAL
General subdivision BMIRT
942 ## - ADDED ENTRY ELEMENTS (KOHA)
Koha item type Books
Holdings
Lost status Damaged status Collection code Home library Current library Shelving location Date acquired Source of acquisition Cost, normal purchase price Full call number Accession Number Koha item type Serial Enumeration / chronology
    PARAMEDICAL JRU Library JRU Library Shelf - 22- F 09/09/2025 PURCHASE 599.00 570.72 28777 Books  
    PARAMEDICAL JRU Library JRU Library SHELF-28-A 09/09/2025 PURCHASE 599.00 570.72 28778 Books  
    PARAMEDICAL JRU Library JRU Library SHELF-104-F 09/09/2025 PURCHASE 599.00 570.72 28779 Books  
    PARAMEDICAL JRU Library JRU Library SHELF-28-A 09/09/2025 PURCHASE 599.00 570.72 28780 Books  
    PARAMEDICAL JRU Library JRU Library SHELF-28-A 09/09/2025 PURCHASE 599.00 570.72 28781 Books  
    PARAMEDICAL JRU Library JRU Library SHELF-104-F 01/12/2025 PURCHASE 599.00 570.72 ANE-E 29242 Books LBI-000811/28-11-2025
    PARAMEDICAL JRU Library JRU Library SHELF-104-F 01/12/2025 PURCHASE 599.00 570.72 ANE-E 29243 Books LBI-000811/28-11-2025
    PARAMEDICAL JRU Library JRU Library SHELF-104-F 01/12/2025 PURCHASE 599.00 570.72 ANE-E 29244 Books LBI-000811/28-11-2025
    PARAMEDICAL JRU Library JRU Library SHELF-104-F 01/12/2025 PURCHASE 599.00 570.72 ANE-E 29245 Books LBI-000811/28-11-2025
    PARAMEDICAL JRU Library JRU Library SHELF-104-F 01/12/2025 PURCHASE 599.00 570.72 ANE-E 29246 Books LBI-000811/28-11-2025